Präzisions Normteile

Saved in:
Bibliographic Details
Format: Book
Language:German
Published: [Schwabach] : [Drei-S-Werk], [2012]
Edition:[1. Aufl.]
Subjects:
Online Access: Get full text
Tags: Add Tag
No Tags, Be the first to tag this record!

MARC

LEADER 00000nam a2200000 4500
003 SK-BrCVT
005 20220618074226.0
006 ao e 000 0
008 120702s2012####gw o e 000 0ger#d
035 |a CVTIDW0035554 
040 |a CVTISR  |b slo  |c CVTISR  |e AACR2 
041 0 |a ger 
044 |a gw  |c DE 
080 |a 678.057.7  |2 2008 
110 2 |a Drei-S-Werk (Schwabach, Nemecko)  |4 mfr 
245 1 0 |a Präzisions Normteile 
250 |a [1. Aufl.] 
260 3 |a [Schwabach] :  |b [Drei-S-Werk],  |c [2012] 
300 |a 7 s. :  |b fotogr. ;  |c 30 cm 
653 1 |a formovací stroj 
655 7 |a firemné prospekty  |2 SNKPH 
710 2 |a KJ-tech (Liberec, Česko)  |4 dst 
852 |a CVTISR  |b 1 
856 4 |u http://www.drei-s-werk.com 
910 |b F033763 
959 |a 6111 
974 |a agnesa.remenarova  |f Firemná literatúra 
992 |a FFP 
999 |c 187330  |d 187330